Fr. Conceicao Rodrigues College of Engineering

Strength of materials (Record no. 21153)

MARC details
000 -LEADER
fixed length control field 00302nam a2200145Ia 4500
082 ## - DEWEY DECIMAL CLASSIFICATION NUMBER
Classification number 621.11
100 ## - MAIN ENTRY--PERSONAL NAME
Personal name Punmia/ B.C.
245 ## - TITLE STATEMENT
Title Strength of materials
260 ## - PUBLICATION, DISTRIBUTION, ETC.
Name of publisher, distributor, etc. Standard Publication
Place of publication, distribution, etc. Delhi
Date of publication, distribution, etc. 81
300 ## - PHYSICAL DESCRIPTION
Extent 720
490 ## - SERIES STATEMENT
Volume/sequential designation 1
546 ## - LANGUAGE NOTE
Language note ENGLISH
654 ## - SUBJECT ADDED ENTRY--FACETED TOPICAL TERMS
Focus term Materials
942 ## - ADDED ENTRY ELEMENTS (KOHA)
Koha item type BOOK
Holdings
Withdrawn status Lost status Damaged status Not for loan Collection Home library Current library Date acquired Source of acquisition Cost, normal purchase price Inventory number Total Checkouts Full call number Barcode Date last seen Cost, replacement price Price effective from Koha item type
        AFT Fr. Agnel's C.Rodrigues College of Engineering Fr. Agnel's C.Rodrigues College of Engineering 17/03/2023 UBS 35.00 T-903   621.11 AFT3130 17/03/2023 35.00 17/03/2023 BOOK
        AFT Fr. Agnel's C.Rodrigues College of Engineering Fr. Agnel's C.Rodrigues College of Engineering 17/03/2023 UBS 30.00 T-903   621.11 AFT3131 17/03/2023 30.00 17/03/2023 BOOK